000 01091nam a22002417a 4500
003 OSt
005 20251110192432.0
008 251107b |||||||| |||| 00| 0 eng d
040 _c0
082 _aDPer 361.05 J826 January 2018 v. 65 n. 1
100 _aJohnson, Sverre Urnes.
_eauthor.
_969306
245 _aMetacognition and cognition in inpatient MCT and CBT for comorbid anxiety disorder:
_bA study of within-person effects.
_cSverre Urnes Johnson, Asle Hoffart, Pål G. Ulvenes, KariAnne Vrabel, Hans M. Nordahl, and Bruce E. Wampold.
260 _aU.S.A ;
_bAmerican Psychological Association ,
_cJanuary 2018.
300 _aVolume 65, pages 86-97 :
_billustration ;
_c28 cm.
500 _aJournal of Counseling Psychology, vol. 65, no. 1, pages 86-97, January 2018.
700 _aJohnson, Sverre Urnes.
_eauthor.
_969306
700 _aHoffart, Asle.
_eauthor.
_958506
700 _aNordahl, Hans M.
_eauthor.
_969307
700 _aUlvenes, Pål G.
_eauthor.
_969308
700 _aVrabel, KariAnne R.
_eauthor.
_958508
700 _aWampold, Bruce E.
_eAuthor.
_928126
942 _2ddc
_cPER
999 _c24176
_d24176